| 000 | 00757cam a22002538a 4500 | ||
|---|---|---|---|
| 003 | OSt | ||
| 005 | 20140310182431.0 | ||
| 008 | 060710s2007 stk b 001 0 eng | ||
| 020 | _a9789812728340 | ||
| 020 | _a9812728341 | ||
| 050 | 0 | 0 |
_aRS 200 _b.Au924 2010 |
| 245 | 0 | 0 |
_aPharmaceutics : _bthe design and manufacture of medicines / _cedited by; Michael E. Aulton. |
| 250 | _a3rd ed. | ||
| 260 |
_aEdinburgh ; _aNew York : _bChurchill Livingstone, _cc2007. |
||
| 300 |
_ap. ; _ccm. |
||
| 650 | 0 |
_aDrugs _xDosage forms. _98469 |
|
| 650 | 0 |
_aDrugs _xDesign. _98470 |
|
| 650 | 1 | 2 |
_aDosage Forms. _97811 |
| 650 | 2 | 2 |
_aBiopharmaceutics. _97296 |
| 650 | 2 | 2 |
_aDrug Design. _98471 |
| 700 | 1 |
_aAulton, Michael E. _98472 |
|
| 942 |
_2lcc _cSSLC |
||
| 999 |
_c13367 _d13367 |
||